| 000 | 00527nam a2200169 i 4500 | ||
|---|---|---|---|
| 001 | 91498 | ||
| 003 | ES-MaACL | ||
| 005 | 20230906180732.0 | ||
| 007 | t| | ||
| 008 | 050131s1956 sp ||||1| spa d | ||
| 100 | 1 |
_aLewis, Cecil Day. _972042 |
|
| 245 | 1 | 3 |
_aLa bestia debe morir / _cNicholas Blake (seud.) ; traducción de J.R. Wilcock. |
| 260 |
_aBarcelona, etc. : _bE.D.H.A.S.A., _c[1956] ( _fVda. de Manuel Ponsa) |
||
| 300 |
_a249 p. ; _c18 cm. |
||
| 700 | 1 |
_aWilcock, J.R. _9116806 |
|
| 852 |
_aES-MaACL _jC-11063 _bR.39121 |
||
| 999 |
_c91498 _d91498 |
||